=LDR 00000nam 2200000 4500 =001 INLIS000000000022363 =005 20210408073010 =035 ##$$a 0010-061300000022363 =008 210408################g##########0#ind## =041 ##$$a Ind =082 ##$$a 336 =090 ##$$a 336.2, Pan p =100 ##$$a Pandiangan, Liberty =245 1#$$a Pajak Pertambahan Nilai ( PPN ) /$c Liberty Pandiangan =260 ##$$a Jakarta :$b Rineka Cipta,$c 1993 =300 ##$$a xvi, 434 hlm, : $b ilus. ; $c 20 x 14 cm. =650 #4$$a Pajak =850 ##$$a NBPNMAT =084 ##$$a 336 PAN p =990 ##$$a 30701402 =990 ##$$a 21413588 =990 ##$$a 21413587 =990 ##$$a 1202001842